Rerum natura e imposibilidad física de la prestación en el Derecho Romano clásico.
Αποθηκεύτηκε σε:
| Κύριος συγγραφέας: | |
|---|---|
| Μορφή: | Βιβλίο |
| Γλώσσα: | Ισπανικά |
| Έκδοση: |
Santiago de Compostela, España:
Andavira,
2010.
|
| Έκδοση: | 1a. edición. |
| Σειρά: | Colección Ciencia y Pensamiento Jurídico, 2.
|
| Θέματα: | |
| Ετικέτες: |
Προσθήκη ετικέτας
Δεν υπάρχουν, Καταχωρήστε ετικέτα πρώτοι!
|
MARC
| LEADER | 00000cam a2200000 a 4500 | ||
|---|---|---|---|
| 001 | UCF7835 | ||
| 003 | CL-VaPUC | ||
| 005 | 20220822114406.0 | ||
| 008 | 130711e20100000SP |||||||||||||||||spa|d | ||
| 999 | |c 352589 |d 352587 | ||
| 020 | |a 978-84-8408-579-9 | ||
| 040 | |c Pontificia Universidad Católica de Valparaíso | ||
| 082 | 0 | 4 | |a 340.54 CUE 2010 |2 21 |
| 100 | |a Cuena Boy, Francisco |e autor |9 432613 | ||
| 245 | 1 | 0 | |a Rerum natura e imposibilidad física de la prestación en el Derecho Romano clásico. |
| 250 | |a 1a. edición. | ||
| 260 | |a Santiago de Compostela, España: |b Andavira, |c 2010. | ||
| 300 | |a 272 páginas. | ||
| 490 | 0 | |a Colección Ciencia y Pensamiento Jurídico, 2. | |
| 500 | |a c.2 Donación Familia Prof. Alejandro Guzmán Brito. | ||
| 583 | |a last modification |c 20130711 11:26:00 |k Rodrigo Vera | ||
| 650 | 0 | |a Derecho romano |9 255930 | |
| 650 | 0 | |a Obligaciones |9 255578 | |
| 650 | 0 | |a Negocios |9 262468 | |
| 942 | |c BK |2 ddc |n 0 | ||
| 945 | |d 20130711 00:00:00 |a dcastane | ||
| 952 | |0 0 |1 0 |4 0 |6 340_540000000000000_CUE_2010 |7 0 |8 DER_ROM |9 457167 |a BIBDER |b BIBDER |d 2019-11-22 |i 4984390 |l 1 |o 340.54 CUE 2010 |p 4984390 |r 2023-01-25 |s 2020-03-19 |w 2019-11-22 |x Ubicación 4to piso |y BK |z Este recurso debe solicitarse con anticipación |k DER | ||
| 952 | |0 0 |1 0 |2 ddc |4 0 |6 340_540000000000000_CUE_2010 |7 1 |8 C_AGB |9 580131 |a BIBDER |b BIBDER |d 2022-01-05 |e Donación |i 5635047 |o 340.54 CUE 2010 |p 5635047 |r 2023-01-25 |t 2 |w 2022-01-05 |y BK_US |k AGB | ||